000 00428nam a2200181Ia 4500
001 16171
005 20260306170250.0
008 260306t2011||||xx |||||||||||||| ||und||
041 _aESP
082 _a347L
_bJ92
100 _aJurista Editores
_eAUT
245 0 _aCompendio de legislación comercial
260 _c2011
300 _a947 pƔginas :
_c20 cm.
650 _aGEN
654 _aCDE
942 _cLIB
_dJUS
_fJUS
_2ddc
_n
999 _c16171
_d16171